Responses for Show #5972 - Tuesday, July 27, 2010

Contestants

[<< previous game]

Nora Corrigan, an English professor from Columbus, Mississippi

Vince Femenella, a bookseller from Brooklyn, New York

Alison Stone Roberg, an administrative assistant from Kansas City, Missouri (whose 3-day cash winnings total $85,102)

[next game >>]

Jeopardy! Round responses

COLLEGE TOWNS
SPORTS QUOTES
DOUBLE TALK
SUPERMARKET SWEEP
FERROUS, BUELLER
BEFORE & AFTER
    $200 3
Williamsburg

Vince
    $200 17
Joe DiMaggio

Vince
    $200 1
a dumdum

Vince
    $200 16
V8

Vince
    $200 26
aluminum

Vince
    $200 11
Bloody Mary Kay

Alison
    $400 4
Pasadena

Triple Stumper
    $400 18
Michael Vick

Vince
    $400 2
couscous

Nora
    $400 22
A&W

Alison
    $400 27
(Nora: What is the Bessemer process?)

smelting

VinceNora
    $400 12
Soft Cell phone

Alison
    $600 5
Chicago

Vince
    $600 19
Pittsburgh Steelers

Vince
    $600 8
a murmur

Alison
    $600 23
Bounty

Alison
    $600 28
pyrite

Nora
    $600 13
extra credit card

Vince
    $800 6
Tulsa (Oklahoma)

Nora
    $800 20
(Vince: Who is George Bush?)
(Alex: Which one?)

George Walker Bush

Vince
    $800 9
the dodo

Alison
    $800 24
Crest

Nora
    $800 29
Minnesota

Nora
    $800 14
Optimus Prime number

Alison
    $1000 7
Fayetteville

Nora
    $1000 21
[Applause for Vince's run of the category]

John Daly

Vince
    $1000 10
Baden-Baden

Alison
    $1000 25
Häagen-Dazs

Vince
    $2,000 30
rust

Nora
    $1000 15
soda Pop Goes the Weasel

Alison

Scores at the first commercial break (after clue 15):

Alison Vince Nora
$4,800 $1,600 $2,200

Scores at the end of the Jeopardy! Round:

Alison Vince Nora
$5,800 $6,400 $6,000

Double Jeopardy! Round responses

WORLD WAR II
PLEAS & CARATS
FAMOUS LAST WORDS
I LOVE A MYSTERY
HERE'S 2 "U"
(Alex: Each correct response will contain two "U"s.)
MR. ROBINSON
    $400 16
Nile

Vince
    $400 21
John Brown

Alison
    $400 5
Marie Antoinette

Vince
    $400 11
Nancy Drew

Alison
    $400 1
pendulum

Vince
    $400 30
Shirley Temple

Vince
    $800 17
Irving Berlin

Triple Stumper
    $800 22
the British Crown Jewels

Vince
    $800 7
Beethoven

Alison
    $800 12
The Maltese Falcon

Alison
    $800 2
(Alex: [*], over "Mutter".)

umlaut

Alison
    $800 29
The Black Crowes

Triple Stumper
    $1200 18
Battle of the Bulge

Vince
    $1200 23
Hillary Clinton

Alison
    $1200 8
Pancho Villa

Nora
    $1200 13
Miss Marple

Nora
    $1200 3
Quechua

Triple Stumper
    $1200 28
The Miracles

Alison
    $1600 19
the Crimean Peninsula

Nora
    $1600 24
nolo contendere

Nora
    $1600 9
Oscar Wilde

Alison
    $1600 14
(Vince: What is Germany?)

Sweden

Vince
Triple Stumper
    $1600 4
accumulate

Nora
    $1600 27
Edward G. Robinson

Vince
    $3,000 20
(Nora: Uh, what is Iwo Jima?)
(Alex: No, you picked the wrong one. That was earlier. The Battle of [*].)

Okinawa

Nora
    $2000 25
the Channel Islands

Nora
    $2000 10
(Vince: Who is John Paul Jones?)

Horatio Nelson

VinceNora
    $2000 15
Travis McGee

Triple Stumper
    $4,000 6
(Alex: Vince?...)
[The time's-up signal sounds and Vince tries to ring in with his signaling device.]
(Vince: Oop.)

calculus

Vince
    $2000 26
Sugar Ray Robinson

Vince

Scores at the end of the Double Jeopardy! Round:

Alison Vince Nora
$13,000 $6,000 $14,200

[wagering suggestions for these scores]

Final Jeopardy! Round responses

MONARCHIES
(Alex: One has a prince, and the other has a grand duke.)
VinceWhat is Lichtenstein
$0
AlisonWhat is Austria?
$999
NoraWhat is Luxembourg?
$13,001
(1 of) Liechtenstein & Luxembourg

Final scores:

Alison Vince Nora
$12,001 $6,000 $27,201
2nd place: $2,000 3rd place: $1,000 New champion: $27,201

Game dynamics:

Coryat scores:

Alison Vince Nora
$13,000 $10,000 $16,200
17 R,
0 W
21 R,
3 W
(including 1 DD)
14 R
(including 1 DD),
2 W
(including 1 DD)

Combined Coryat: $39,200

[game clues] [game scores] [suggest correction]

Game tape date: 2010-03-16
The J! Archive is created by fans, for fans. Scraping, republication, monetization, and malicious use prohibited; this site may use cookies and collect identifying information. See terms. The Jeopardy! game show and all elements thereof, including but not limited to copyright and trademark thereto, are the property of Jeopardy Productions, Inc. and are protected under law. This website is not affiliated with, sponsored by, or operated by Jeopardy Productions, Inc. Join the discussion at JBoard.tv.